Score 0/30 Timer 05:00
7 Plays Today
COUNTRY CITY % Correct
SpainMadrid
97.6%
PortugalLisbon
93.9%
ItalyRome
93.4%
Republic of IrelandDublin
91%
Northern IrelandBelfast
82.3%
FranceParis
82.2%
JamaicaKingston
71.8%
SwedenStockholm
66.8%
ChinaBeijing
64.5%
CubaHavana
62.9%
AustriaVienna
60.6%
IcelandReykjavik
56.9%
Czech RepublicPrague
56.1%
TurkeyAnkara
49.9%
PeruLima
48.6%
COUNTRY CITY % Correct
IndiaNew Delhi
47.6%
North KoreaPyongyang
45.8%
RomaniaBucharest
44.1%
TunisiaTunis
37.8%
UruguayMontevideo
33.3%
ColombiaBogotá
32.1%
AlgeriaAlgiers
31.6%
LithuaniaVilnius
28.2%
QatarDoha
26.1%
SlovakiaBratislava
24.2%
GhanaAccra
23.9%
MoroccoRabat
23.7%
Bosnia and HerzegovinaSarajevo
21.9%
AlbaniaTirana
21.9%
MoldovaChișinău
10.1%
Remove Ads.
Support Sporcle.
Get the best of Sporcle when you Go Orange. This ad-free experience offers more features, more stats, and more fun while also helping to support Sporcle. Thank you for becoming a member.

You're not logged in!

Compare scores with friends on all Sporcle quizzes.
OR
Log In

Show Comments

Extras

Top Quizzes Today


Score Distribution

Your Account Isn't Verified!

In order to create a playlist on Sporcle, you need to verify the email address you used during registration. Go to your Sporcle Settings to finish the process.

Report this User

Report this user for behavior that violates our Community Guidelines.

Details: